[Event "SVK-ch U14"]
[Site "Tatralandia"]
[Date "2024.04.10"]
[Round "7"]
[White "Ropovik, Samuel"]
[Black "Bilik, Matej"]
[Result "1-0"]
[WhiteElo "1901"]
[BlackElo "1866"]
[PlyCount "69"]
[EventDate "2024.04.05"]
[EventType "swiss"]
[EventRounds "9"]
[EventCountry "SVK"]
[SourceTitle "CB16_2024"]
[SourceDate "2024.04.17"]
[SourceVersion "1"]
[SourceVersionDate "2024.04.17"]
[SourceQuality "1"]

1. e4 e5 2. Nf3 d6 3. d4 exd4 4. Nxd4 g6 5. Nc3 Bg7 6. Be3 Nf6 7. Qd2 0-0 8. 0-0-0 Nc6 9. f3 Nxd4 10. Bxd4 Be6 11. g4 c5 12. Be3 Qa5 13. Bh6 Bxa2 14. Bxg7 Kxg7 15. Nxa2 Qxa2 16. Qc3 d5 17. Rxd5 Rfd8 18. g5 Rxd5 19. gxf6+ Kg8 20. exd5 Rd8 21. b3 Rxd5 22. Bc4 Qa3+ 23. Kb1 Rd7 24. Re1 h5 25. Qe3 Qa5 26. Qe8+ Kh7 27. Rg1 Qd2 28. Bxf7 Rd8 29. Qe4 Qh6 30. Rxg6 Rd1+ 31. Ka2 Ra1+ 32. Kxa1 Qc1+ 33. Ka2 Qf4 34. Qxf4 Kh8 35. Qh6# 1-0

[Event "SVK-ch U14"]
[Site "Tatralandia"]
[Date "2024.04.07"]
[Round "3"]
[White "Ropovik, Samuel"]
[Black "Ondreicka, Roman"]
[Result "1-0"]
[WhiteElo "1901"]
[BlackElo "1792"]
[PlyCount "71"]
[EventDate "2024.04.05"]
[EventType "swiss"]
[EventRounds "9"]
[EventCountry "SVK"]
[SourceTitle "CB16_2024"]
[SourceDate "2024.04.17"]
[SourceVersion "1"]
[SourceVersionDate "2024.04.17"]
[SourceQuality "1"]

1. e4 d6 2. d4 Nf6 3. Nc3 g6 4. Be3 Bg7 5. Qd2 c6 6. Bh6 Bxh6 7. Qxh6 Qa5 8. Bd3 c5 9. Nge2 Nbd7 10. 0-0-0 cxd4 11. Nxd4 Ne5 12. Kb1 Nxd3 13. cxd3 Bd7 14. Rc1 e5 15. Qg7 Ke7 16. Nb3 Qa6 17. Qh6 Be6 18. Rhd1 Qb6 19. Qh4 h6 20. d4 g5 21. Qg3 Nh5 22. Qf3 g4 23. Qe3 f6 24. g3 Rad8 25. Nd5+ Bxd5 26. exd5 Ng7 27. dxe5 fxe5 28. Qe4 h5 29. Nd2 Rhg8 30. Nc4 Qxf2 31. Nxe5 dxe5 32. Qxe5+ Kf7 33. Rf1 Qxf1 34. Rxf1+ Kg6 35. Rf6+ Kh7 36. Qe4+ 1-0

[Event "SVK-ch U14"]
[Site "Dudince"]
[Date "2023.04.23"]
[Round "9"]
[White "Ropovik, Samuel"]
[Black "Shykhnenko, Hryhorii"]
[Result "1-0"]
[WhiteElo "1775"]
[BlackElo "1481"]
[PlyCount "25"]
[EventDate "2023.04.16"]
[EventType "swiss"]
[EventRounds "9"]
[EventCountry "SVK"]
[SourceTitle "CBM 213 Extra"]
[Source "ChessBase"]
[SourceDate "2023.05.31"]
[SourceVersion "1"]
[SourceVersionDate "2023.05.31"]
[SourceQuality "1"]

1. e4 c5 2. Nf3 e6 3. d4 cxd4 4. Nxd4 a6 5. Qf3 Nf6 6. Nc3 Qc7 7. Qg3 d6 8. Bd3 g6 9. 0-0 Bg7 10. Nb3 Nh5 11. Qe3 Bxc3 12. bxc3 Qxc3 13. Bb5+ 1-0

[Event "SVK-chT U18"]
[Site "Radava"]
[Date "2022.11.24"]
[Round "7.1"]
[White "Shykhnenko, Hryhorii"]
[Black "Ropovik, Samuel"]
[Result "0-1"]
[WhiteElo "1361"]
[BlackElo "1682"]
[PlyCount "80"]
[EventDate "2022.11.21"]
[EventType "team-swiss"]
[EventRounds "7"]
[EventCountry "SVK"]
[SourceTitle "CBM 211 Extra"]
[Source "ChessBase"]
[SourceDate "2023.01.31"]
[SourceVersion "1"]
[SourceVersionDate "2023.01.31"]
[SourceQuality "1"]
[WhiteTeam "Bratislava Doprastav III"]
[BlackTeam "Kosice Reinter"]
[WhiteTeamCountry "SVK"]
[BlackTeamCountry "SVK"]

1. Nc3 d5 2. e4 d4 3. Nce2 e5 4. Ng3 Be6 5. Nf3 f6 6. Be2 c5 7. b3 Nc6 8. Bb2 Bd6 9. c4 Nge7 10. 0-0 Qd7 11. Ne1 0-0-0 12. a3 g6 13. Nc2 Kb8 14. d3 h5 15. Qd2 h4 16. Nh1 a5 17. Rfc1 f5 18. b4 axb4 19. axb4 cxb4 20. Ra4 Kc7 21. Ne1 Bc5 22. Nf3 Ra8 23. Rca1 Nd8 24. Ra5 Qd6 25. Qg5 Nf7 26. Qf6 Kd7 27. Ng5 Nxg5 28. Qxh8 fxe4 29. Qxh4 exd3 30. Bxd3 Nc6 31. Rb5 e4 32. Qxg5 exd3 33. Bc1 b6 34. Bf4 Qe7 35. Qxg6 Bxc4 36. Qf5+ Qe6 37. Rxc5 bxc5 38. Qxe6+ Kxe6 39. f3 b3 40. Bc1 d2 0-1

[Event "SVK-chT1E 2223"]
[Site "Slovakia"]
[Date "2022.11.05"]
[Round "3.8"]
[White "Ropovik, Samuel"]
[Black "Minich, Miroslav"]
[Result "1-0"]
[WhiteElo "1682"]
[BlackElo "1957"]
[PlyCount "115"]
[EventDate "2022.10.15"]
[EventType "team-tourn"]
[EventRounds "11"]
[EventCountry "SVK"]
[SourceTitle "EXT 2024"]
[Source "ChessBase"]
[SourceDate "2023.10.10"]
[SourceVersion "1"]
[SourceVersionDate "2023.10.10"]
[SourceQuality "1"]
[WhiteTeam "Humenne Reinter II"]
[BlackTeam "Zvolen Slavia"]
[WhiteTeamCountry "SVK"]
[BlackTeamCountry "SVK"]

1. e4 c6 2. d4 d5 3. Nc3 dxe4 4. Nxe4 Nd7 5. Bd3 Ngf6 6. Ng5 h6 7. Ne6 Qb6 8. Nf3 fxe6 9. Bg6+ Kd8 10. 0-0 Qc7 11. Re1 Qd6 12. Qe2 b5 13. Bd2 a5 14. Rad1 Nd5 15. Ne5 Nxe5 16. dxe5 Qb8 17. c4 bxc4 18. Qxc4 Qb5 19. Qc2 Bd7 20. Re4 Be8 21. a4 Qa6 22. Rg4 Bxg6 23. Rxg6 Kd7 24. Qe4 h5 25. h3 Rb8 26. Bc3 Rh6 27. Rd3 Rxg6 28. Qxg6 Qc4 29. Bxa5 Qxa4 30. Bc3 Qc4 31. Rf3 h4 32. Qh5 Ra8 33. Kh2 Qe4 34. Bd2 g6 35. Qh8 Qe2 36. Bc3 Nxc3 37. bxc3 Ra5 38. Rxf8 Qxe5+ 39. Qxe5 Rxe5 40. Rh8 g5 41. g3 hxg3+ 42. Kxg3 Rc5 43. Kg4 Rxc3 44. Rh5 Rc5 45. f4 Rf5 46. fxg5 Ke8 47. Rh8+ Kf7 48. Rc8 Rc5 49. h4 Rc4+ 50. Kh5 Rc1 51. Kh6 c5 52. g6+ Kf6 53. g7 Rh1 54. h5 Rxh5+ 55. Kxh5 Kxg7 56. Kg5 Kf7 57. Kf4 Kf6 58. Rxc5 1-0

[Event "Kezmarok op"]
[Site "Kezmarok"]
[Date "2022.09.26"]
[Round "4"]
[White "Walterova, Ema"]
[Black "Ropovik, Samuel"]
[Result "1-0"]
[WhiteElo "2062"]
[BlackElo "1497"]
[PlyCount "57"]
[EventDate "2022.09.24"]
[EventType "swiss"]
[EventRounds "9"]
[EventCountry "SVK"]
[SourceTitle "CBM 210 Extra"]
[Source "ChessBase"]
[SourceDate "2022.11.30"]
[SourceVersion "1"]
[SourceVersionDate "2022.11.30"]
[SourceQuality "1"]

1. e4 c5 2. Nf3 d6 3. Bb5+ Bd7 4. Bxd7+ Qxd7 5. c4 e5 6. Nc3 Nc6 7. a3 Be7 8. d3 Bd8 9. Nd5 Ba5+ 10. Bd2 Bxd2+ 11. Qxd2 Nge7 12. b4 Nxd5 13. exd5 Nd4 14. Nxd4 cxd4 15. f4 0-0 16. fxe5 dxe5 17. 0-0 Rae8 18. Qa2 f5 19. c5 Kh8 20. a4 g6 21. Rae1 b6 22. Qc4 Qc7 23. d6 Qc6 24. Qb5 Qxb5 25. axb5 Re6 26. d7 Kg7 27. c6 Rd6 28. Rxe5 Kf7 29. Rfe1 1-0

[Event "EU Union-ch U12"]
[Site "Pec pod Snezkou"]
[Date "2022.08.25"]
[Round "4"]
[White "Ropovik, Samuel"]
[Black "Wolff, Calvin"]
[Result "1-0"]
[WhiteElo "1607"]
[BlackElo "1387"]
[PlyCount "47"]
[EventDate "2022.08.22"]
[EventType "swiss"]
[EventRounds "9"]
[EventCountry "CZE"]
[SourceTitle "EXT 2023"]
[Source "ChessBase"]
[SourceDate "2022.10.05"]
[SourceVersion "1"]
[SourceVersionDate "2022.10.05"]
[SourceQuality "1"]

1. e4 e5 2. Nf3 Nc6 3. Nc3 Nf6 4. d4 exd4 5. Nxd4 Bb4 6. Nxc6 bxc6 7. Bd3 d5 8. exd5 0-0 9. 0-0 Bg4 10. Be2 Bxe2 11. Qxe2 cxd5 12. Qf3 h6 13. Bf4 Re8 14. Rad1 c6 15. h3 Qc8 16. Bxh6 gxh6 17. Qxf6 Re6 18. Qf3 Rg6 19. Rd4 Bd6 20. Rg4 Qc7 21. Nxd5 cxd5 22. Rxg6+ Kh7 23. Rg4 Qd7 24. Qf6 1-0

[Event "Liptovsky Jan op"]
[Site "Liptovsky Jan"]
[Date "2022.06.26"]
[Round "6"]
[White "Petrik, Matus"]
[Black "Ropovik, Samuel"]
[Result "0-1"]
[WhiteElo "1695"]
[BlackElo "1475"]
[PlyCount "54"]
[EventDate "2022.06.23"]
[EventType "swiss"]
[EventRounds "7"]
[EventCountry "SVK"]
[SourceTitle "CBM 209 Extra"]
[Source "ChessBase"]
[SourceDate "2022.09.30"]
[SourceVersion "1"]
[SourceVersionDate "2022.09.30"]
[SourceQuality "1"]

1. c4 e5 2. Nc3 Bb4 3. Nd5 Be7 4. Nxe7 Qxe7 5. d3 Nc6 6. Nf3 f5 7. Bg5 Nf6 8. g3 d6 9. Bg2 0-0 10. 0-0 Bd7 11. Bd2 Qf7 12. Ng5 Qh5 13. Bf3 Qg6 14. Bg2 h6 15. Nf3 Qh5 16. Bc3 f4 17. e3 Bh3 18. Nh4 Bg4 19. Bf3 g5 20. Bxg4 Nxg4 21. h3 gxh4 22. Qxg4+ Qxg4 23. hxg4 hxg3 24. fxg3 fxe3 25. Rae1 Rxf1+ 26. Kxf1 Rf8+ 27. Ke2 Nd4+ 0-1

[Event "SVK-ch U10"]
[Site "Lubovna"]
[Date "2020.08.15"]
[Round "1"]
[White "Serdel, Patrik"]
[Black "Ropovik, Samuel"]
[Result "0-1"]
[WhiteElo "1000"]
[BlackElo "1149"]
[PlyCount "66"]
[EventDate "2020.08.15"]
[EventType "swiss"]
[EventRounds "9"]
[EventCountry "SVK"]
[SourceTitle "EXT 2021"]
[Source "ChessBase"]
[SourceDate "2020.10.23"]
[SourceVersion "1"]
[SourceVersionDate "2020.10.23"]
[SourceQuality "1"]

1. e4 c5 2. Bc4 Nc6 3. Qf3 e6 4. Ne2 Ne5 5. Qc3 Nxc4 6. Qxc4 Nf6 7. e5 Nd5 8. 0-0 Be7 9. Nbc3 Nb6 10. Qg4 0-0 11. Nf4 g6 12. Nh3 d5 13. Nb5 Bd7 14. Nc3 Bc6 15. Qg3 Nd7 16. d3 b5 17. Bf4 Bh4 18. Qg4 h5 19. Qf3 Qc7 20. g3 Be7 21. Bh6 Rfe8 22. Bg5 Nxe5 23. Qf4 Bxg5 24. Nxg5 Rad8 25. Rae1 d4 26. Rxe5 dxc3 27. Ne4 Bxe4 28. Qxe4 cxb2 29. Qh4 Qxe5 30. f4 Qd4+ 31. Rf2 b1Q+ 32. Kg2 Qd1 33. Kh3 Qxf2 0-1